000 nam a22 7a 4500
999 _c43996
_d43996
003 OSt
005 20180417115829.0
008 180417b xxu||||| |||| 00| 0 eng d
040 _cIIMT
100 _aISRD GROUP
245 _aIT TOOL & BUSINESS SYSTEM
260 _aNEW DELHI
_bTMH
_c2011
300 _a446
942 _2ddc
_c01